000 00688nam a2200241Ia 4500
003 OSt
005 20220925195445.0
006 a|||||r|||| 00| 0
007 ta
008 220923b |||||||| |||| 00| 0 eng d
037 _cGeneral Book
040 _aRTL
_cRTL
_beng
041 _2eng
_aeng
082 _aX:89F, L8;M3
100 _aBrigham Eugene F.
245 0 _aFundamentals of financial management
250 _a3rd
260 _aChicago
_bDryden Press
_c1983
300 _axv, 816p. Appendix p.774-91; Glossary; p.792-812
_ccm.
650 _aAccounting Management
942 _hX:89F, L8;M3
_cGB
_2CC
999 _c533004
_d533004